Training media review

Detalles Bibliográficos
Formato: Desconocido
Lenguaje:inglés
Publicado: Boston, MA : Venture Pub.
Materias:
Acceso en línea:Acceso restringido

MARC

LEADER 00000ny a22000003n 4500
005 20110511133821.0
008 930929c19949999maumr ss 0 a0eng d
022 |a 1072-3188 
035 |a 3005 
040 |a UCA  |d vLex 
090 |c 1679  |d 1679 
245 3 0 |a Training media review  |h [Recurso electrn̤ico] 
256 |a Servicio en ln̕ea 
260 |a Boston, MA :  |b Venture Pub. 
310 |a Mensual 
506 1 |a Contenido solo disponible en los productos indicados  |d vLex Global  |d vLex Global (Academic Edition, excluding Law Schools)  |d vLex Global (Academic Edition, Law Schools) 
650 0 4 |a Personal  |x Formacin̤ 
650 0 4 |a Profesiones  |x Publicaciones perid̤icas 
740 0 |a vLex Revista (Servicios en ln̕ea) 
843 |a Electrn̤ica. Cerrada 
853 |8 1  |i (year)  |j (month)  |k (day) 
856 4 0 |z Acceso restringido  |u http://vlex.com/account/login_ip?fuente_id=3005  
942 |c REV